000 00835nam a2200253 a 4500
001 000039895
005 20201002033809.0
008 130726s2013 dr a 001 0 spa d
020 _a9789945580129
040 _aDO-SdBNP
_bspa
_cBNPHU
082 _a460.7
_bH557a
100 1 _aHernández, Luisa
_966105
245 1 0 _aApuntes para el estudio del español I y II /
_cLuisa Hernández.
260 _aSanto Domingo :
_bUniversidad Abierta para Adultos (UAPA),
_c2013.
300 _a426 p. :
_bil. ;
_c28 cm.
490 1 _aAutoaprendizaje
590 _aInventariado, 2018/LP
650 4 _aEspañol
_xEstudio y enseñanza
_9521
650 4 _aEspañol
_xGramática
_93475
650 4 _aEspañol
_xOrtografía
_91453
650 4 _aLenguaje y lenguas
_9407
830 0 _aAutoaprendizaje
_91208
910 _aValidado. Control de calidad EMS.
999 _c39385
_d39385